000
00263nam a2200097Ia 4500
008
240331s9999 xx 000 0 und d
082
_a
297
_b
ZAK
100
_a
Zakariua,R
245
4
_a
The struggle within Islam :
_b
the conflict between religion and political
942
_c
L
999
_c
949
_d
949